Cost accounting : (Record no. 7909)

MARC details
000 -LEADER
fixed length control field 00610cam a22001934a 4500
020 ## - INTERNATIONAL STANDARD BOOK NUMBER
ISBN 0137605544
050 00 - CALL NUMBER
Classification number HF5686.C8
Item number H59
100 1# - AUTHOR
Personal name Horngren, Charles T.,
245 10 - TITLE
Title Cost accounting :
Remainder of title a managerial emphasis /
Statement of responsibility, etc Charles T. Horngren, George Foster, Srikant M. Datar.
250 ## - EDITION
Edition statement 10th ed.
260 ## - PUBLICATION INFORMATION
Place of publication Upper Saddle River, NJ :
Name of publisher Prentice Hall,
Year of publication c2000.
300 ## - DESCRIPTION
Number of Pages xxii, 906 p. :
Other physical details col. ill. ;
Dimensions 29 cm.
440 #0 - SERIES
SERIES Prentice-Hall series in accounting
650 #0 - SUBJECTS
Topical Term Cost accounting.
650 #0 - SUBJECTS
Topical Term Costs, Industrial.
700 1# - OTHER AUTHORS
Personal name Foster, George,
700 1# - OTHER AUTHORS
Personal name Datar, Srikant M.
942 ## - ADDED ENTRY ELEMENTS (KOHA)
Koha item type Books
Holdings
Withdrawn status Lost status Home library Current library Date acquired Full call number Accession Number Koha item type
    Methodist University Library Wenchi Faculty Methodist University Library Wenchi Faculty 18/10/2021 HF5686.C8 H59 13917 Books
Copyright © 2026  MUG Library